000 00258nam a22001097a 4500
008 170124b xxu||||| |||| 00| 0 eng d
020 _a9780781739269
041 _aeng
080 _27TH
_a618.2
245 _aCLINICAL DRUG THERAPY
_cABRAMS, A.C
942 _2udc
_cBK
999 _c3502
_d3502